| 000 | 00787njm a22002417a 4500 | ||
|---|---|---|---|
| 005 | 2010090802462.0 | ||
| 007 | sd ammalaaahaa | ||
| 008 | 100830t xxu||||| |||| 00| 0 hin d | ||
| 028 |
_aECLP. 2293 _bHis Master's Voice |
||
| 035 | _aGR-01230 | ||
| 040 | _aSED/VEN | ||
| 100 | _917458 | ||
| 245 |
_aSanskrit recitation-devotional bhag 1 & bhag 2 / _h[Sound recording] : |
||
| 260 |
_aDum Dum, India _bHis Master's Voice |
||
| 300 |
_a1 Sound disc [Gramophone Record] : _banalog, 33 1/3 rpm _c10 in (LP) _fGramophone Records |
||
| 500 | _aBrief record | ||
| 650 |
_aClassical Music _91186 _zIndia _xExcerpts |
||
| 700 | _917459 | ||
| 700 | _918822 | ||
| 700 | _918873 | ||
| 942 |
_2ddc _cGR |
||
| 999 |
_c44537 _d44537 |
||